000 00313nam a22001337a 4500
003 SGT
082 _a155.262
_bC14D
100 _aDOUGLA, BARBARA
245 _aCOMMON PRESENTING ISSUES IN PSYCHOTHERAPEUTIC PRACTICE
260 _aLONDON
_bSAGE
_c2014
300 _a181
650 _aPSYCHOLOGY
942 _2ddc
_cBK
999 _c13928
_d13928